5HLuxD.jpg

KING HENRY VIII SENIOR AND PRIMARY SCHOOL LIBRARY OPAC

When Rain Clouds Gather / (Record no. 4692)

000 -LEADER
fixed length control field 00962nam a22002057a 4500
003 - CONTROL NUMBER IDENTIFIER
control field OSt
005 - DATE AND TIME OF LATEST TRANSACTION
control field 20250310092305.0
008 - FIXED-LENGTH DATA ELEMENTS--GENERAL INFORMATION
fixed length control field 250310b ||||| |||| 00| 0 eng d
020 ## - INTERNATIONAL STANDARD BOOK NUMBER
International Standard Book Number 9780435913571
040 ## - CATALOGING SOURCE
Transcribing agency KH8
082 ## - DEWEY DECIMAL CLASSIFICATION NUMBER
Classification number 823 HEA
100 ## - MAIN ENTRY--PERSONAL NAME
Personal name Head, Bessie,
Relator term author.
245 ## - TITLE STATEMENT
Title When Rain Clouds Gather /
Statement of responsibility, etc. Bessie Head.
260 ## - PUBLICATION, DISTRIBUTION, ETC.
Place of publication, distribution, etc. England ;
Name of publisher, distributor, etc. Heinemann ,
Date of publication, distribution, etc. 2008.
300 ## - PHYSICAL DESCRIPTION
Extent viii, 199 pages :
Dimensions 20 cm.
490 ## - SERIES STATEMENT
Series statement African Writers Series
520 ## - SUMMARY, ETC.
Summary, etc. In the heart of rural Botswana, the poverty stricken village of Golema Mmidi is a haven to exiles from far and wide. A South African political refugee and an Englishman join forces to revolutionise the villagers traditional farming methods, but their task is fraught with hazards as the pressures of tradition, opposition from the local chief and the unrelenting climate threaten to divide and devastate the fragile community.
700 ## - ADDED ENTRY--PERSONAL NAME
Personal name Gray, Stephen,
Relator term introduction.
942 ## - ADDED ENTRY ELEMENTS (KOHA)
Source of classification or shelving scheme
Koha item type Books - Non Ficton
Holdings
Withdrawn status Lost status Source of classification or shelving scheme Damaged status Not for loan Collection code Permanent Location Current Location Shelving location Date acquired Full call number Barcode Date last seen Price effective from Koha item type
          Non-Fiction KH8 Senior School Library KH8 Senior School Library Non Fiction 2025-03-10 823 HEA 3KHSL000102253 2025-03-10 2025-03-10 Books - Non Ficton

Powered By KH8 IT Dept